000
00305nam a22001337a 4500
020
_a
0-521-56693-2
041
_a
ENG
100
_a
Wild . A
245
_a
Soils And The Enviroment An Introduction
260
_a
Delhi
_b
Cambridge
_c
1997
300
_a
287
650
_a
Agricultural
856
_u
Agricultural
999
_c
455
_d
455